[Event "Dvorkovich Memorial Rapid 2018"]
[Site "Taganrog"]
[Date "2018.01.14"]
[Round "10"]
[White "Kim, Yana"]
[Black "Kornyukov, Alexey"]
[Result "1-0"]
[WhiteElo "2092"]
[BlackElo "2452"]
[Annotator "TA"]
[PlyCount "60"]
[EventDate "2018.??.??"]
[EventType "swiss"]
[EventCountry "RUS"]
[SourceTitle "playchess.com"]
[Source "ChessBase"]
[SourceQuality "1"]

{[%evp 17,60,58,47,31,27,25,21,20,36,0,0,-3,0,0,15,-19,-19,-38,-41,-35,-43,-45,46,46,51,61,67,45,71,30,49,57,312,283,350,358,322,355,347,347,289,0,0,-2861,0]} 1. e4 c5 2. Nf3 Nc6 3. d4 cxd4 4. Nxd4 Nf6 5. Nc3 e5 6. Ndb5 {[%cal Bd4b5,Bb5a3,Ba3c4][%mdl 32]} d6 7. Bg5 a6 8. Na3 Be6 9. Nc4 b5 10. Ne3 {B33: Sicilian: Pelikan and Sveshnikov Variations} (10. Bxf6 Qxf6 11. Ne3 Qd8 12. a4 b4 13. Ncd5 Be7 14. Bc4 O-O 15. O-O Bg5 16. Qd3 a5 17. c3 bxc3 18. bxc3 {1-0 (34) Amonatov,F (2596)-Kornyukov,A (2441) Taganrog 2016}) 10... Be7 $1 11. Bxf6 Bxf6 12. Ncd5 {The position is equal.} Bg5 13. g3 O-O 14. Bg2 Ne7 $146 ({Predecessor:} 14... Bxe3 15. Nxe3 Rc8 16. O-O Ne7 17. c3 Qd7 {½-½ (59) Gonzalez Ochoa,Y (2150)-Sanchez Comesana,A (2040) Cienfuegos 2016}) 15. O-O Rc8 16. f4 exf4 17. gxf4 Bh6 {aiming for ...Bxd5.} 18. Nxe7+ Qxe7 19. Qf3 f5 (19... b4 $15) 20. exf5 $14 {[#] Black must now prevent Qe4.} Bc4 21. Rfe1 $36 {[%mdl 2048] White has some pressure.} Qa7 22. Kh1 Kh8 23. Rad1 {Hoping for Ng4.} Qc5 24. Ng4 Qxf5 $2 {[%mdl 8192]} (24... Bxa2 $14 25. Nxh6 gxh6) 25. Nxh6 $18 gxh6 26. Bh3 (26. Rxd6 Qxc2 27. b3 (27. Rxh6 Qxb2 28. Qe4 Rc7 $11) 27... Bg8 $16) 26... Qxc2 {Threatens to win with ...Rce8.} 27. Bxc8 (27. Rxd6 Rce8 $15) 27... Rxc8 28. Rxd6 Qxb2 29. Qg4 $2 ({Much less strong is} 29. Qb7 Rg8 $18) ({White should try} 29. Qe4 $18 Bg8 30. Rxh6) 29... Rg8 $11 30. Qh3 $2 {[%mdl 8192] [#]} (30. Qf3 $11 Bxa2 31. Qe4 (31. Rxa6 Qb4 $16) (31. Rxh6 Qd4 $11)) 30... Bxa2 $2 {[%mdl 32768] Precision: White = 53%, Black = 43%. . Loss on Time!?} ({Better is} 30... Qb4 $1 $19 {[%cal Rb4e1]} 31. Qe3 Qxd6 32. Qe5+ Qxe5 33. Rxe5 Bxa2) 1-0

[Event "Dvorkovich Memorial Rapid 2018"]
[Site "Taganrog"]
[Date "2018.01.14"]
[Round "10"]
[White "Koliev, Irlan"]
[Black "Zakharov, Alexander S"]
[Result "0-1"]
[WhiteElo "1755"]
[BlackElo "2437"]
[Annotator "TA"]
[PlyCount "116"]
[EventDate "2018.??.??"]
[EventType "swiss"]
[EventCountry "RUS"]
[SourceTitle "playchess.com"]
[Source "ChessBase"]
[SourceQuality "1"]

{[%evp 24,115,15,15,40,12,12,12,17,19,8,-19,-19,-19,-26,-91,-88,-89,-96,-130,-122,-133,-101,-118,-66,-97,-63,-262,-287,-281,-282,-273,-279,-274,-276,-263,-248,-326,-326,-329,-327,-399,-399,-396,-325,-389,-390,-462,-459,-516,-512,-644,-627,-576,-595,-1157,-552,-1406,-1391,-1172,-1094,-1052,-1317,-859,-1285,-1275,-1124,-1053,-1085,-1043,-914,-1558,-1538,-1391,-1423,-5791,-5208,-4810,-5241,-29982,-29983,-29985,-29986,-29990,-29991,-29995,-29996,-29996,-29995,-29995,-29996,-29998,-29999,-29999]} 1. d4 Nf6 2. c4 e6 3. Nf3 b6 4. g3 Ba6 5. b3 Bb7 6. Bg2 Bb4+ 7. Bd2 a5 8. O-O O-O 9. Nc3 d6 10. Qc2 Nbd7 11. a3 Bxc3 12. Bxc3 Be4 {E15: Queen's Indian: 4 g3 sidelines, 4 g3 Ba6 and 4 g3 Bb7 early deviations} 13. Qb2 {LiveBook: 15 Games} Qc8 14. Rac1 $146 ({Find the theoretical novelty and annotate with similar games:} 14. b4 axb4 15. axb4 Qb7 16. Rfc1 Rfb8 17. Rxa8 Rxa8 18. Bh3 b5 19. Nd2 Nb6 20. f3 {0-1 (29) Hager,F (2280)-Felsberger,A (2350) Austria 1993}) 14... Qb7 {The position is equal.} 15. Rfd1 b5 16. cxb5 Qxb5 17. Ne1 Bxg2 18. Nxg2 Rfb8 19. Be1 (19. Rb1 $11 {remains equal.}) 19... Qxb3 $17 20. Qxb3 Rxb3 21. Rxc7 Rxa3 22. Ne3 Ra2 23. Kf1 {[#]} d5 (23... a4 $1 $17 24. Rdc1 h6) 24. Rdc1 h6 25. Ng4 $2 ({White should try} 25. Rb7 $15) 25... Nxg4 $19 26. Rxd7 Nxh2+ 27. Kg2 Ng4 ({Not} 27... Rxe2 28. Kxh2 Re4 29. Re7 $11) 28. Rcc7 Rf8 ({Worse is} 28... Rxe2 29. Rxf7 Rxe1 30. Rxg7+ Kf8 31. Rh7 $11) 29. Ra7 Rxe2 30. Kf3 Rxe1 31. Kxg4 {[%mdl 4096] Endgame KRR-KRR} Re4+ 32. f4 Rxd4 33. Rxa5 Rd3 34. Raa7 g6 35. Rab7 Kg7 36. Ra7 Kf6 37. Rab7 g5 38. fxg5+ hxg5 {[%cal Bh6g5,Bg5g4][%mdl 32]} 39. Kh3 Kg6 40. Rb6 Rh8+ 41. Kg2 g4 42. Rb4 Rd2+ 43. Kg1 f5 44. Rd6 Kf6 45. Rbb6 Re8 46. Kf1 Ke5 47. Ke1 Rg2 48. Rdc6 Rxg3 49. Kf2 Rf3+ 50. Kg2 f4 {[%cal Bf5f4,Bf4f3][%mdl 32]} 51. Rc2 Re3 {Black mates.} 52. Ra6 Rh8 53. Rcc6 Rh6 54. Kf2 g3+ 55. Kf1 f3 {[%cal Rh6h1]} 56. Rxe6+ Rxe6 57. Rxe6+ Kxe6 58. Kg1 Re1# {Precision: White = 37%, Black = 73%.} 0-1

[Event "Dvorkovich Memorial Rapid 2018"]
[Site "Taganrog"]
[Date "2018.01.14"]
[Round "11"]
[White "Sjugirov, Sanan"]
[Black "Esipenko, Andrey"]
[Result "1-0"]
[WhiteElo "2652"]
[BlackElo "2571"]
[Annotator "TA"]
[PlyCount "137"]
[EventDate "2018.??.??"]
[EventType "swiss"]
[EventCountry "RUS"]
[SourceTitle "playchess.com"]
[Source "ChessBase"]
[SourceQuality "1"]

{[%evp 10,136,28,32,29,30,33,20,31,28,32,16,16,16,13,0,30,12,10,10,12,8,16,0,28,-17,-14,-13,0,0,0,-70,-83,-68,-67,-84,-91,-80,-94,-96,-83,-83,-78,-385,-375,-383,-382,-377,165,161,191,191,223,230,263,181,168,122,178,14,228,0,0,0,48,0,0,0,0,-289,0,0,0,0,15,29,132,0,0,0,29980,29981,29966,5522,5493,0,29994,29988,29988,0,29994,0,29988,29989,29989,29990,29990,29987,29987,29988,29990,-1171,-1177,-29994,29980,29981,29981,29982,29982,29983,29983,0,0,0,29983,29984,29983,29985,29985,29986,29991,29992,29992,29993,29993,29994,29997,29998,29999]} 1. Nf3 Nf6 2. g3 b5 3. Bg2 Bb7 4. O-O e6 5. d3 d5 6. c4 a6 {A05: Réti Opening: 1 Nf3 Nf6} 7. cxd5 Nxd5 8. a4 Nd7 {The position is equal.} (8... Be7 9. Nc3 O-O 10. axb5 Nxc3 11. bxc3 axb5 12. Rxa8 Bxa8 13. Qb3 Bc6 14. Be3 {½-½ (57) Short,N (2670)-Hou,Y (2649) Hoogeveen 2016}) 9. axb5 axb5 10. Rxa8 Qxa8 11. e4 $146 ({Find the theoretical novelty and annotate with similar games:} 11. Qb3 c6 12. Nc3 Be7 13. Nxd5 exd5 14. Bd2 {0-1 (36) Niemi,K (2338)-Sipila,V (2447) Finland 2017}) 11... N5f6 12. Nc3 c6 13. h3 Be7 14. Be3 O-O 15. Qc2 Rc8 16. Rd1 Qa5 17. d4 b4 18. e5 Nd5 19. Nxd5 cxd5 20. Qd2 (20. Qb1 $11) 20... Qa2 $1 $15 21. Bg5 Bf8 $1 22. Rc1 {[#]} Nb6 $1 {[%cal Rb6c4]} 23. Rxc8 Bxc8 24. Qc2 Nc4 25. Bc1 Bd7 {Strongly threatening ...Ba4.} 26. Kh2 $2 {[%mdl 8192]} (26. Ng5 $17 {nothing else works.} g6 27. Bf1) 26... Ba4 $19 27. Qd3 {intending Ng5.} h6 28. g4 Nxb2 $4 {[%mdl 8192]} (28... Qa1 $19 {and all is fine.} 29. b3 Qxc1 30. bxa4 Qb2) 29. Qd2 $18 Qc4 {Hoping for ...Nd3.} 30. Bxb2 b3 31. Qc1 Qd3 32. Kg1 Bb4 33. h4 Bb5 (33... Qe2 $16) 34. h5 $2 ({Better is} 34. Qf1 $18) 34... Qc4 $2 (34... Qe2 $1 $11) 35. Qa1 $2 ({White should play} 35. Qd1 $18) 35... Qc2 $11 36. g5 {And now Bh3 would win.} Be2 37. gxh6 gxh6 38. Nh2 Be1 39. f4 $2 {[%mdl 8192]} (39. Qxe1 Qxb2 40. Nf1 Bxf1 $15) (39. f3 $11) 39... Bd1 $2 (39... Bxh5 40. Kh1 $17) ({Black should try} 39... Bd2 $19 {...Be3+ is the strong threat.} 40. f5 Be3+ 41. Kh1 Qxf5) 40. Kh1 Bg3 41. f5 {Threatens to win with fxe6.} exf5 {next ...Bxh2 is good for Black.} 42. Nf1 Bf4 {[#]} (42... f4 $1 $11) 43. e6 ({But not} 43. Bxd5 $6 Qe2 $11) (43. Qa8+ $1 $16 Kh7 44. Qe8 (44. Qxd5 Bxh5 45. e6 Qxb2 $16) 44... Bxh5 45. e6) 43... fxe6 44. Qa8+ $1 Kf7 $2 {[%mdl 8192]} (44... Kh7 $11 45. Qe8 Qxb2) 45. Ba3 {[%csl Ga3][%cal Ra8f8]} Bxh5 46. Qf8+ Kg6 47. Be7 $2 $40 {[%mdl 128] Black needs to defend precisely.} ({White has to play} 47. Qg8+ $18 Kf6 48. Qh8+ Kg5 49. Be7+ Kg4 50. Qg8+ Bg5 51. Ne3+ Kh4 52. Nxc2 bxc2 53. Ba3) 47... Be2 $2 {[%mdl 8192]} (47... Kh7 $11 48. Bc5 (48. Bf6 Qc7 $17) 48... Qe2 49. Qe7+ Kh8 50. Qf8+ Kh7 51. Qe7+ Kh8 52. Qf8+ Kh7) 48. Qe8+ Kg7 49. Qf8+ Kg6 50. Qe8+ Kg7 {Now ...Bh5 and Black clings on.} 51. Bf8+ Kf6 52. Qe7+ Kg6 53. Qxe6+ Kh5 {[#]} 54. Ng3+ $1 {[%mdl 512]} Kg4 (54... Bxg3 55. Qxh6+) 55. Nxe2 $4 {[%mdl 8192]} (55. Qg6+ {is the narrow road to win.} Bg5 56. Bd6 Kh4 57. Nxf5+ Kg4 58. Ne3+ Kh4 59. Nxc2 Bh5 60. Qe6) 55... b2 $19 56. Nxf4 b1=Q+ $4 {[%mdl 8192]} (56... Qc1+ 57. Bf1 Qxf1+ 58. Kh2 Qxf4+ 59. Kh1 b1=Q+ 60. Qe1 Qxe1+ 61. Kg2 Qfg3#) 57. Kh2 Qh1+ 58. Kxh1 Qc1+ 59. Kh2 Qxf4+ 60. Kh1 $2 (60. Kg1 {NOTEXT} Qxd4+ 61. Kh1 Kg3 62. Bd6+ Kf2 63. Qxf5+ Ke3 64. Bg3 Kd2 65. Bxd5) 60... Qc1+ $11 61. Kh2 Qf4+ 62. Kg1 {White mates.} Qxd4+ 63. Kh1 Kg3 64. Bd6+ f4 65. Qh3+ Kf2 66. Qf3+ Ke1 67. Bxf4 {[%csl Gg2][%cal Rf3f1]} Qc4 68. Qe3+ Kd1 69. Qd2# {Precision: White = 45%, Black = 41%.} 1-0

[Event "Dvorkovich Memorial Rapid 2018"]
[Site "Taganrog"]
[Date "2018.01.14"]
[Round "11"]
[White "Volkov, Sergey"]
[Black "Vastrukhin, Oleg"]
[Result "0-1"]
[WhiteElo "2627"]
[BlackElo "2398"]
[Annotator "TA"]
[PlyCount "98"]
[EventDate "2018.??.??"]
[EventType "swiss"]
[EventCountry "RUS"]
[SourceTitle "playchess.com"]
[Source "ChessBase"]
[SourceQuality "1"]

{[%evp 15,98,20,20,7,-2,-78,-75,-85,-31,-33,-44,-44,-38,-29,-49,-27,-44,-29,-53,-55,-75,-47,-40,-33,-41,-38,-31,-35,0,0,29,0,0,-36,-33,-31,50,14,30,25,19,0,52,59,45,38,31,37,72,-20,-20,-20,-20,-24,-29,-183,-33,-36,0,0,0,-172,-68,-221,-221,-221,-221,-215,-165,-164,-178,-666,-630,-1065,-923,-29970,-29969,-6102,-11922,-29977,-29979,-29974,-29977,-29975,-29974]} 1. d4 g6 2. c4 Bg7 3. e4 d6 4. Nc3 e5 5. dxe5 dxe5 6. Qxd8+ Kxd8 7. Be3 Be6 8. O-O-O+ {A42: Modern Defence: Averbakh Variation} Nd7 {LiveBook: 6 Games} 9. h4 $146 ({Predecessor:} 9. Nf3 f6 10. Be2 Bh6 11. Bxh6 Nxh6 12. h3 c6 13. b3 Ke7 14. Ne1 Nf7 15. Nd3 h5 16. Rd2 h4 17. Kb2 Ng5 18. Rhd1 Rad8 19. Kc1 Bf7 20. Bg4 Be6 21. Be2 Bf7 {½-½ (21) Perez Mitjans,O (2413)-Movsziszian,K (2485) Sant Adria de Besos 2017}) 9... Bh6 10. h5 (10. Nd5 $11) 10... Bxe3+ $17 11. fxe3 Ngf6 (11... c6 $17) 12. hxg6 $15 fxg6 13. Nf3 Ke7 14. Nd5+ Bxd5 15. exd5 Ng4 16. Re1 a5 17. Rh4 h5 $1 18. Bd3 Rag8 19. Bc2 g5 20. Rhh1 Nc5 21. Rhf1 Kd6 22. b3 Rg7 23. a3 Rf8 24. b4 axb4 25. axb4 Nd7 (25... Na6 $1 $15) 26. e4 b6 27. Kd2 h4 28. Ba4 {Bxd7 is the strong threat.} Ndf6 ({Black should try} 28... Rgg8 $11) 29. c5+ $14 bxc5 30. bxc5+ Ke7 $1 31. Kc3 Nh5 {[#] White should prevent ...Ng3.} 32. Rd1 (32. Nxe5 $1 $16 {[%mdl 512]} Nxe5 33. d6+ $1 {[%mdl 512]} cxd6 34. cxd6+ Kxd6 35. Rxf8 Rc7+ 36. Kb3) 32... Ne3 $11 33. d6+ cxd6 ({Don't go for} 33... Kd8 $2 34. Rb1 $1 $18 {[%mdl 512]}) 34. cxd6+ Kf6 {aiming for ...Rc8+.} 35. Nxh4+ $2 (35. Nxe5+ $1 $11 Nf4 36. Nd3 Nxf1 37. e5+ Ke6 38. Bb3+ Kd7 39. Nxf4 gxf4 40. e6+ Kc6 41. Ba4+ Kc5 42. e7) 35... Nf4 ({Black should play} 35... Nxf1 $19 36. Rxf1+ Nf4) 36. Nf5 $1 $15 {[%cal Rf5e3]} Rc8+ ({Reject} 36... Nxf1 $6 37. d7 $16) 37. Kd2 Nxf1+ 38. Rxf1 $2 {[#]} (38. Ke1 $1 $11 {and White stays safe.} Ng3 39. d7 Rxd7 40. Bxd7) 38... Ra7 (38... Rb7 $1 $19 {[%cal Rb7b2]} 39. Rc1 Rxc1 40. Kxc1 Rb4) 39. Bb3 $2 {[#]} (39. d7 $1 $15 Rd8 40. Bb5) 39... Rb7 $1 $19 {[%cal Rb7b3]} 40. Rf3 g4 41. Rg3 Rb4 42. Rc3 Rd8 43. g3 $2 (43. Bc2) 43... Rxe4 44. Bc2 Kxf5 45. gxf4 Rxd6+ 46. Kc1 Kxf4 47. Bxe4 Kxe4 {Black mates.} 48. Rg3 Kf4 49. Rg1 g3 {Precision: White = 40%, Black = 50%.} 0-1

[Event "Dvorkovich Memorial Rapid 2018"]
[Site "Taganrog"]
[Date "2018.01.14"]
[Round "11"]
[White "Kryakvin, Dmitry"]
[Black "Pogonina, Natalija"]
[Result "1-0"]
[WhiteElo "2580"]
[BlackElo "2478"]
[Annotator "TA"]
[PlyCount "67"]
[EventDate "2018.??.??"]
[EventType "swiss"]
[EventCountry "RUS"]
[SourceTitle "playchess.com"]
[Source "ChessBase"]
[SourceQuality "1"]

{[%evp 19,67,0,5,-7,-6,-24,0,0,0,0,0,-9,0,-2,0,-39,0,0,0,0,0,-6,-16,-18,0,-52,-38,-77,-83,-75,-80,-170,0,0,0,-26,4,14,8,17,61,60,75,12,391,404,353,339,448,435]} 1. c4 e6 2. g3 d5 3. Bg2 Nf6 4. Nf3 dxc4 5. Qa4+ Bd7 6. Qxc4 {A13: English Opening: 1...e6} c5 7. Ne5 Qc8 8. O-O (8. Qd3 Nc6 9. Nxd7 Nxd7 10. Qb3 Be7 11. Nc3 O-O 12. O-O Rd8 13. d3 Nb6 {½-½ (31) Aronian,L (2799)-Ding,L (2777) Tbilisi 2017}) 8... Nc6 9. Nxd7 Qxd7 10. Nc3 $146 ({Predecessor:} 10. Qa4 Rc8 11. Nc3 Be7 12. a3 O-O 13. b4 b6 {½-½ (60) Valsecchi,A (2478)-Dragnev,V (2410) Prague 2016}) 10... Be7 {LiveBook: 18 Games} 11. a3 O-O 12. Rb1 Rac8 13. Qa4 Rfd8 14. b4 b6 15. bxc5 Bxc5 16. e3 Na5 17. Rd1 Be7 {[#] Hoping for ...Rxc3!} 18. Qxd7 Rxd7 19. Bf3 Nc4 $36 {[%mdl 2048] Black is more active.} 20. Nb5 a6 21. Nd4 b5 {[%cal Bb6b5,Bb5a4][%mdl 32]} 22. a4 (22. Nc6 $11) 22... bxa4 $15 23. d3 Ne5 {Strongly threatening ...Rxd4!} 24. Bg2 Nd5 25. Ra1 (25. Bxd5 $17 Rxd5 26. Ra1) 25... Rdc7 $2 (25... Nc3 $19 26. Rd2 Rdc7) 26. Bb2 Rb7 27. Ra2 Nd7 28. Bxd5 exd5 29. Nf5 Bf8 {[#]} 30. Bxg7 $1 {[%mdl 512]} Rb4 (30... Bxg7 31. Ne7+) 31. Bd4 ({Better is} 31. Bxf8 $16 Kxf8 32. Rda1) 31... Bc5 $2 {[%mdl 8192]} (31... Rcb8 $11 {and Black has nothing to worry.}) 32. Rc1 $18 Kf8 33. Bg7+ Ke8 34. d4 {Precision: White = 47%, Black = 42%.} 1-0

[Event "Dvorkovich Memorial Rapid 2018"]
[Site "Taganrog"]
[Date "2018.01.14"]
[Round "11"]
[White "Sarana, Alexey"]
[Black "Goganov, Aleksey"]
[Result "0-1"]
[WhiteElo "2562"]
[BlackElo "2563"]
[Annotator "TA"]
[PlyCount "78"]
[EventDate "2018.??.??"]
[EventType "swiss"]
[EventCountry "RUS"]
[SourceTitle "playchess.com"]
[Source "ChessBase"]
[SourceQuality "1"]

{[%evp 27,78,8,22,0,0,0,0,0,0,0,0,-14,0,-34,-41,-48,0,0,0,0,20,24,39,51,50,49,40,33,33,31,35,45,94,39,29,0,0,0,0,-45,0,0,0,0,0,0,0,0,0,-29989,-29990,-29996,-29997]} 1. d4 d5 2. Nf3 Nf6 3. c4 c6 4. Nc3 e6 5. Bg5 h6 6. Bxf6 Qxf6 7. e3 {[%cal Be2e3,Be3e4,Be4e5][%mdl 32]} Nd7 8. Be2 g6 9. O-O Bg7 10. e4 dxc4 11. Bxc4 O-O 12. e5 Qe7 13. Qe2 {D43: Damengambit (Botwinnik-Variante)} b5 14. Bd3 Bb7 {LiveBook: 12 Partien} 15. Ne4 {Die Stellung ist ausgeglichen.} (15. Be4 Nb6 16. Rad1 Rfd8 17. Rfe1 a6 18. h4 Rac8 19. h5 g5 20. Nh2 b4 {0-1 (40) Moiseenko,A (2657)-Dreev,A (2652) Doha 2016}) 15... c5 16. Bxb5 cxd4 17. Bxd7 Qxd7 18. Rfd1 Qc7 19. Rac1 $146 ({Vorgänger:} 19. Rxd4 Bxe5 20. Nxe5 Qxe5 {1-0 (47) Schoen,W-Brenke,A Germany 1993}) 19... Qb6 20. Nc5 Bxf3 21. gxf3 Rad8 22. f4 Rd5 23. Nd3 Qd8 24. Rc4 a5 25. Rdc1 Qh4 26. Rc5 Rfd8 27. Rxd5 Rxd5 28. Rc8+ Rd8 29. Rc5 g5 30. fxg5 ({Lieber} 30. Qf3 $16) 30... Qxg5+ $14 31. Kh1 Kh8 32. Rxa5 Rg8 $1 {[#] Droht ...Lf6! und aus.} 33. Qf1 (33. f4 $5 {[%cal Rf4g5]} Qg6 34. Rc5 $15) 33... Qf5 {[%mdl 1024] Schwarz hat Kompensation.} (33... f6 $5 {[%cal Rf6e5]}) 34. f3 $1 h5 {Und weiter mit ...Lh6 wäre nett.} 35. Rc5 $1 Bh6 $40 {[%mdl 128] Weiss muss sich nun genau verteidigen.} 36. Rc2 $1 Be3 {( -> ...Dxf3+!)} 37. Rg2 Rc8 {Droht stark ...Dxd3!} 38. Qe2 $2 {[%mdl 8192] [#]} (38. Rg3 $11) 38... Qxd3 $1 {[%mdl 512]} 39. Rg8+ (39. Qxd3 Rc1+) 39... Rxg8 {Precision: Weiß = 57%, Schwarz = 67%.} 0-1

[Event "Dvorkovich Memorial Rapid 2018"]
[Site "Taganrog"]
[Date "2018.01.14"]
[Round "11"]
[White "Potapov, Pavel"]
[Black "Bocharov, Dmitry"]
[Result "0-1"]
[WhiteElo "2479"]
[BlackElo "2583"]
[Annotator "TA"]
[PlyCount "66"]
[EventDate "2018.??.??"]
[EventType "swiss"]
[EventCountry "RUS"]
[SourceTitle "playchess.com"]
[Source "ChessBase"]
[SourceQuality "1"]

{[%evp 9,66,10,12,0,0,0,-2,-6,14,-34,-4,-14,3,-53,-56,-51,-53,-68,-52,-79,-75,-128,-108,-113,-97,-141,-108,-121,-107,-127,-117,-127,-117,-170,-147,-169,-33,-37,-29,-31,0,0,-2,-35,-34,-201,-200,-193,-193,-199,-191,-191,-191,-191,-156,-191,-184,-221,-239]} 1. e4 d6 2. d4 Nf6 3. Nc3 g6 4. Bg5 a6 (4... Bg7 5. Qd2 h6 6. Bh4 O-O 7. f4 e5 8. dxe5 Nxe4 9. Bxd8 Nxd2 10. Bxc7 Nxf1 11. Kxf1 dxe5 12. Bxe5 Bxe5 13. fxe5 Nc6 14. Nf3 {½-½ (39) Almasi,Z (2682)-Ponomariov,R (2694) Riadh 2017}) (4... Bg7 5. Qd2 h6 6. Bh4 g5 7. Bg3 Nh5 8. Nf3 Nd7 9. Bc4 e6 10. O-O-O a6 11. Ne2 b5 12. Bd3 c5 13. c3 Qb6 14. dxc5 dxc5 15. Bc2 g4 {½-½ (38) Potapov,P (2479)-Bocharov,D (2585) Cheliabinsk 2017}) 5. Bxf6 $146 ({Predecessor:} 5. Qe2 Bg7 6. e5 Nfd7 7. O-O-O Nc6 8. f4 O-O 9. d5 Na5 10. exd6 cxd6 11. Bxe7 Qb6 12. Bxf8 Kxf8 13. Re1 Nf6 14. Qe3 Qc7 15. Nf3 b5 16. a3 {½-½ (16) Volzhin,A (2556)-Davies,N (2486) Gausdal 2000}) 5... exf6 {[%cal Be7f6,Bf6f5][%mdl 32]} 6. Bd3 {B07: Pirc Defence: Miscellaneous Systems} Bg7 7. Nf3 O-O 8. O-O {The position is equal.} Nc6 9. h3 Nb4 10. Re1 f5 11. e5 (11. Bf1 $11) 11... dxe5 $15 12. dxe5 Be6 13. Qe2 Qe7 14. Nd4 Rad8 $36 {[%mdl 2048] White is under strong pressure.} 15. Qe3 ({White should play} 15. Nxe6 fxe6 16. Rad1) 15... c5 16. Nxe6 fxe6 17. a3 Nc6 18. f4 {[#]} g5 $1 {[%mdl 512]} 19. g3 (19. fxg5 Bxe5) 19... gxf4 20. gxf4 Kh8 21. Ne2 (21. Qf2 $17) 21... Bh6 22. Kh2 Nd4 ({Black should try} 22... b5 $19 {Hoping for ...c4.} 23. c3 Qh4) 23. c3 $1 {[%cal Rc3d4]} Nxe2 24. Bxe2 Rg8 25. Rg1 Rg6 26. Rad1 Rdg8 {White must now prevent ...Qh4.} 27. Qf2 $2 (27. Rxg6 $15 hxg6 28. Rg1) 27... Qg7 $1 $19 {Black is clearly better.} 28. Rxg6 Qxg6 29. Rg1 {[#]} Bxf4+ $1 {[%mdl 512]} 30. Kh1 {[#]} (30. Qxf4 Qxg1#) 30... Qxg1+ $1 31. Qxg1 Rxg1+ 32. Kxg1 Kg7 (32... Bxe5 33. Bc4 $15) 33. a4 a5 {Precision: White = 21%, Black = 66%.} ({Resist} 33... Bxe5 34. Kf2) 0-1

[Event "Dvorkovich Memorial Rapid 2018"]
[Site "Taganrog"]
[Date "2018.01.14"]
[Round "11"]
[White "Kabanov, Nikolai"]
[Black "Semenova, Elena"]
[Result "1-0"]
[WhiteElo "2478"]
[BlackElo "2238"]
[Annotator "TA"]
[PlyCount "39"]
[EventDate "2018.??.??"]
[EventType "swiss"]
[EventCountry "RUS"]
[SourceTitle "playchess.com"]
[Source "ChessBase"]
[SourceQuality "1"]

{[%evp 18,39,60,53,58,48,60,60,102,92,151,136,181,162,381,383,370,377,601,596,587,589,573,566]} 1. Nf3 Nf6 2. d4 e6 3. e3 {[%cal Be2e3,Be3d4][%mdl 32]} c5 4. Bd3 cxd4 5. exd4 Be7 6. c4 O-O 7. Nc3 b6 8. O-O Bb7 9. d5 exd5 {E14: Queen's Indian: Classical Variation (4 e3)} (9... Na6 10. Bc2 Qc7 11. Bg5 h6 12. Bxf6 Bxf6 13. Qd3 g6 14. Qe3 Bg7 15. Rad1 Qxc4 16. Ne5 Qc7 17. d6 {0-1 (52) Adhiban,B (2666)-Korobov,A (2692) Doha 2016}) 10. cxd5 {LiveBook: 16 Games} Re8 11. Nd4 Na6 $146 {White is slightly better.} ({Predecessor:} 11... Bb4 12. Nf5 Bxc3 13. bxc3 Bxd5 14. Nd6 Re6 15. Bf4 g6 16. c4 Bc6 17. c5 Bd5 18. Nb5 bxc5 19. Nc7 Nc6 20. Rc1 {½-½ (20) Dizdar,G (2465)-Cebalo,M (2515) Sibenik 1986}) 12. Nf5 Nc5 13. Bc2 Rc8 ({Black should play} 13... d6) 14. Qf3 Ne6 15. Bb3 Nc5 $2 (15... Kh8 16. Nb5 Rb8) 16. Qg3 $18 {[%csl Gf5][%cal Rg3g7] [#]} Nh5 17. Qg4 Nxb3 (17... g6 $142 18. d6 (18. Nh6+ Kf8 $16) 18... Bf8) 18. Nh6+ {White is clearly winning.} Kf8 {Hoping for ...Nf6.} 19. Qxh5 {[%csl Gh6][%cal Rh5f7]} g6 {[#]} 20. Qf3 $1 {[%mdl 512] Precision: White = 83%, Black = 30%.} 1-0